000 00447nam a22001697a 4500
003 MPLRDC
005 20220104142813.0
008 210129b ||||| |||| 00| 0 eng d
082 _a857.9 JDZG-7 v.2
100 _a邓证因原著
245 _a鹰爪王. 二
_c莱洪生批校
260 _a
_b艺文图书公司
_c
300 _b
490 _a近代中国武侠小说名著大系
650 _a武侠小说
942 _cBK
_o857.9 JDZG-7 v.2
999 _c33841
_d33831